| 000 | 00945 a2200181 4500 | ||
|---|---|---|---|
| 003 | Nust | ||
| 005 | 20221122132701.0 | ||
| 020 | _a978-81-203-3081-8 | ||
| 040 | _cNust | ||
| 082 | _a518.02,KIR | ||
| 100 |
_aY.Kirani Singh _9103356 |
||
| 245 |
_aMATLAB Programming / _cY Kirani Singh-B.B Chaudhuri |
||
| 260 |
_aNew Delhi _bPHI Learning Pvt Ltd _c2010 |
||
| 300 | _axvii,370,p | ||
| 505 | _aChapter 1 Introduction (Page-1- 16), Chapter 2 Common system command and Mathematical operators (Page-17-50), Chapter 3 Handling of Arrays (Page-51-85), Chapter 4 Handling of Matrices (Page-86-124) Chapter 5 Strings, Time and date (Page-125-149), Chapter 6 Cell Arrays and structures (Page 150-184), Chapter 7 Programming In Matlab, M - file Scripts (Page-185-234), Chapter 8 Programming in matlab , m. file function (235-273), Chapter 9. File I/O handling In matlab | ||
| 650 |
_aMATLAB Programming _9103357 |
||
| 942 |
_2ddc _cBK _k518.02,KIR |
||
| 999 |
_c189553 _d189553 |
||